000 00992cam a2200301Mi 4500
008
020 _a9780720442571 (Paperback)
040 _aNUST
_cNUST
049 _aMAIN
090 _aQH212.E4
_bGLA
100 1 _aGlauert, Audrey M
245 1 0 _aFixation, dehydration and embedding of biological specimens /
_cAudrey M. Glauert
264 1 _aAmsterdam :
_bNorth-Holland Publishing,
_c1975
300 _axvi, 353 pages :
_billustrations ;
_c23 cm
336 _atext
_btxt
_2rdacontent
337 _aunmediated
_bn
_2rdamedia
338 _avolume
_bnc
_2rdacarrier
440 1 _aPractical methods in electron microscopy ;
_vv. 3, pt. 1
500 _aIncludes indexes
504 _aIncludes bibliographical references
650 0 _aHistology
_xTechnique
650 2 _aMicroscopy, Electron
650 2 _aSpecimen Handling
907 _a.b1040806x
_b17-08-21
_c17-08-21
003
005 20230123141217.0
942 _cBOOKS
_kQH212.E4
_mGLA
999 _c169578
_d169578